Statistiques concernant Les synonymes argotiques d'argent

Cliquez ici pour prendre le quiz!

Statistiques générales

  • Ce quiz a été pris 117 fois
  • Le résultat moyen est 6 sur 23

Statistiques - réponses

Réponse% Correct
flouz
67%
thune
65%
Fric
58%
oseille
56%
moola
51%
blé
46%
cash
39%
pognon
33%
sous
30%
pepette
29%
maille
25%
ronds
16%
pèze
15%
biftons
14%
brique
14%
balle
12%
radis
8%
artiche
5%
galette
3%
braise
2%
ménouille
1%
picaillons
0%
quibus
0%

Distribution des résultats

Percentile par nombre de réponses

% des personnes avec chaque résultat

Votre développement - résultats

Vous n’avez pas pris ce quiz